000
002240000a22000970004500
100
1
_a
Parsons, Michael
245
1
0
_a
Our freedom in Christ
300
_a
Vol. 5, Núm 4 (1987), Páginas 10-12
773
0
_t
Evangel
942
_c
ANA
999
_c
54320
_d
54320